Les dents - Quand apparaissent-elles ? - Statistiques

Statistiques générales
  • Ce quiz a été pris 36 fois
  • Le résultat moyen est 2 sur 10
Statistiques - réponses
Hint Réponse % Correct
Canines inférieures entre 16 et 24 mois
44%
Incisives centrales supérieures entre 7 et 12 mois
33%
Incisives latérales inférieures entre 10 et 16 mois
26%
Canines supérieures entre 16 et 22 mois
26%
Incisives centrales inférieures entre 6 et 8 mois
26%
1ères molaires supérieures entre 13 et 19 mois
22%
Seconde molaires supérieures entre 25 et 33 mois
22%
Seconde molaires inférieures entre 23 et 31 mois
11%
1ères molaires inférieures entre 14 et 18 mois
7%
Incisives latérales supérieures entre 9 et 13 mois
7%
Aucun quiz correspondant
Distribution des résultats
% des personnes avec chaque résultat
Percentile par nombre de réponses
Votre historique - résultats
Vous n’avez pas pris ce quiz